000 00543nam a2200193Ia 4500
003 GCL
008 140319s9999 xx 000 0 ara d
040 _aGCL /
_cGCL
082 0 4 _aط
_b816.07
_bع ر
100 1 _aعطية حسين
245 1 0 _aرسائلى /
_cعطية حسين
490 _aالهيئة العامة للاستعلامات
_v0
650 0 4 _aالاطفال
650 0 4 _aقصص الاطفال
650 0 4 _aرسائل الاعلام
650 0 4 _aرسائل
650 0 4 _aرسائل الاطفال
942 _2ddc
_cBK
999 _c51426
_d51426